Международные стандарты финансовой отчетности: учебник для вузов

Podrobná bibliografie
Další autoři: Гетьман В. Г. Виктор Григорьевич (редактор)
Shrnutí:Охвачен весь современный комплекс полных Международных стандартов финансовой отчетности (МСФО). Раскрыто содержание каждого стандарта. На различных примерах, в том числе взятых из практики, проиллюстрирован порядок составления финансовой отчетности организаций в соответствии с нормами и требованиями полных МСФО.
Jazyk:ruština
Vydáno: Москва, Финансы и статистика, 2009
Témata:
Médium: MixedMaterials Kniha
KOHA link:https://koha.lib.tpu.ru/cgi-bin/koha/opac-detail.pl?biblionumber=169146

MARC

LEADER 00000nam0a2200000 4500
001 169146
005 20231101222815.0
010 |a 9785279033096 
035 |a (RuTPU)RU\TPU\book\183485 
090 |a 169146 
100 |a 20091106d2009 m y0rusy50 ca 
101 0 |a rus 
102 |a RU 
105 |a a j 000zy 
200 1 |a Международные стандарты финансовой отчетности  |e учебник для вузов  |f под ред. В. Г. Гетьмана 
210 |a Москва  |c Финансы и статистика  |d 2009 
215 |a 656 с.  |c ил. 
330 |a Охвачен весь современный комплекс полных Международных стандартов финансовой отчетности (МСФО). Раскрыто содержание каждого стандарта. На различных примерах, в том числе взятых из практики, проиллюстрирован порядок составления финансовой отчетности организаций в соответствии с нормами и требованиями полных МСФО. 
606 1 |a Финансовая отчетность  |2 stltpush  |3 (RuTPU)RU\TPU\subj\67530  |9 83288 
610 1 |a бухгалтерская отчетность 
610 1 |a международные стандарты 
610 1 |a запасы 
610 1 |a МСФО 
610 1 |a IAS 
610 1 |a денежные средства 
610 1 |a учетная политика 
610 1 |a договор подряда 
610 1 |a сегментная отчетность 
610 1 |a основные средства 
610 1 |a аренда 
610 1 |a выручка 
610 1 |a вознаграждение 
610 1 |a правительственные субсидии 
610 1 |a затраты 
610 1 |a валютные курсы 
610 1 |a пенсионное обеспечение 
610 1 |a консолидированная отчетность 
610 1 |a гиперинфляция 
610 1 |a прибыль 
610 1 |a активы 
610 1 |a нематериальные активы 
610 1 |a долгосрочные активы 
610 1 |a учебные пособия 
675 |a 657.6(075.8)  |v 3 
702 1 |a Гетьман  |b В. Г.  |g Виктор Григорьевич  |4 340 
801 1 |a RU  |b 63413507  |c 20091106 
801 2 |a RU  |b 63413507  |c 20220607  |g RCR 
900 |a Международные стандарты учета и финансовой отчетности 
942 |c BK 
951 |b 080109 
959 |a 113/20091103  |d 1  |e 460,00  |f ЧЗГЛ:1